000 00448nam a22001457a 4500
008 230404b |||||||| |||| 00| 0 eng d
020 _a0281044236.
050 _aBV5082.2.R486 1990.
100 _aDavies,Oliver
_952310
245 _aThe rhineland mystics;
_ban anthology,
_cOliver, Davies
260 _aLondon:
_bSPCK Holy Trinity Church.
_c1990.
300 _a129p;
_c20cm,
650 _aChristian life,mysticism.
_952311
942 _2lcc
_cMONOGRAPH
999 _c131733
_d131733